Normal view
MARC view
Entry Topical Term
001 - CONTROL NUMBER
- control field: 3170
003 - CONTROL NUMBER IDENTIFIER
- control field: BD-RjUL
005 - DATE AND TIME OF LATEST TRANSACTION
- control field: 20220524154159.0
008 - FIXED-LENGTH DATA ELEMENTS
- fixed length control field: 220524|| aca||aabn | a|a d
040 ## - CATALOGING SOURCE
- Original cataloging agency: BD-RjUL
- Transcribing agency: BD-RjUL
150 ## - HEADING--TOPICAL TERM
- Topical term or geographic name entry element: Fungus Diseases
- Form subdivision: Plant injuries
670 ## - SOURCE DATA FOUND
- Source citation: Work cat.: (BD-RjUL)79846: Roy, Ullasheni 3169, Studies on Powdery Mildew Diseases in the Northern Part of Bangladesh /, 2006